Канун и начало войны: Документы и материалы

Λεπτομέρειες βιβλιογραφικής εγγραφής
Άλλοι συγγραφείς: Киршнер Л. А. (составитель)
Γλώσσα:Ρωσικά
Έκδοση: Ленинград, Лениздат, 1991
Θέματα:
Μορφή: Βιβλίο
KOHA link:https://koha.lib.tpu.ru/cgi-bin/koha/opac-detail.pl?biblionumber=17065

MARC

LEADER 00000nam0a2200000 4500
001 17065
005 20231030190722.0
010 |a 5289010327 
035 |a (RuTPU)RU\TPU\book\17196 
035 |a BOOK00001884 
090 |a 17065 
100 |a 20011209d1991 m y0rusy50 ca 
101 0 |a rus 
102 |a RU 
105 |a y z 000zy 
200 1 |a Канун и начало войны  |e Документы и материалы  |f сост.: Л. А. Киршнер 
210 |a Ленинград  |c Лениздат  |d 1991 
215 |a 431 с. 
610 1 |a история 
610 1 |a Россия 
610 1 |a СССР 
610 1 |a Великая Отечественная война 1941-1945 
610 1 |a Вторая мировая война 1939-1945 
610 1 |a документы 
686 |a Т3(2)622.11  |v LBC/SL-A  |2 rubbk 
702 1 |a Киршнер  |b Л. А.  |4 220 
801 0 |a RU  |b 63413507  |c 20011209  |g PSBO 
801 2 |a RU  |b 63413507  |c 20101214  |g PSBO 
942 |c BK